<?xml version="1.0" encoding="UTF-8"?>
<record
    xmlns:xsi="http://www.w3.org/2001/XMLSchema-instance"
    xsi:schemaLocation="http://www.loc.gov/MARC21/slim http://www.loc.gov/standards/marcxml/schema/MARC21slim.xsd"
    xmlns="http://www.loc.gov/MARC21/slim">

  <leader>01094cam a2200301 a 4500</leader>
  <datafield tag="999" ind1=" " ind2=" ">
    <subfield code="c">7791</subfield>
    <subfield code="d">7791</subfield>
  </datafield>
  <controlfield tag="001">991004844889706706</controlfield>
  <controlfield tag="003">OSt</controlfield>
  <controlfield tag="005">20231019165233.0</controlfield>
  <controlfield tag="008">081209s2008    spc||||  |||| ||0 0 cat c</controlfield>
  <datafield tag="017" ind1=" " ind2=" ">
    <subfield code="a">DL B. 16.349-2023</subfield>
    <subfield code="b">Biblioteca de Catalunya</subfield>
  </datafield>
  <datafield tag="020" ind1=" " ind2=" ">
    <subfield code="a">9788419729132</subfield>
  </datafield>
  <datafield tag="040" ind1=" " ind2=" ">
    <subfield code="a">CDMR</subfield>
    <subfield code="c">CDMR</subfield>
    <subfield code="b">cat</subfield>
  </datafield>
  <datafield tag="080" ind1=" " ind2=" ">
    <subfield code="a">849.9"19"</subfield>
  </datafield>
  <datafield tag="090" ind1=" " ind2=" ">
    <subfield code="a">PQC114</subfield>
    <subfield code="b">.G85 2008</subfield>
  </datafield>
  <datafield tag="100" ind1=" " ind2=" ">
    <subfield code="a">Guillamon, Juli&#xE0;</subfield>
    <subfield code="9">4841</subfield>
  </datafield>
  <datafield tag="245" ind1="1" ind2="3">
    <subfield code="a">El dia revolt :</subfield>
    <subfield code="b">literatura catalana de l'exili /</subfield>
    <subfield code="c">Juli&#xE0; Guillamon</subfield>
  </datafield>
  <datafield tag="260" ind1=" " ind2=" ">
    <subfield code="a">Barcelona :</subfield>
    <subfield code="b">Emp&#xFA;ries,</subfield>
    <subfield code="c">2023</subfield>
  </datafield>
  <datafield tag="300" ind1=" " ind2=" ">
    <subfield code="a">527p. :</subfield>
    <subfield code="b">il. col. ;</subfield>
    <subfield code="c">25cm</subfield>
  </datafield>
  <datafield tag="490" ind1="1" ind2=" ">
    <subfield code="a">Biblioteca universal Emp&#xFA;ries ;</subfield>
    <subfield code="v">225</subfield>
  </datafield>
  <datafield tag="500" ind1=" " ind2=" ">
    <subfield code="a">Premi Octavi Pellissa 2006</subfield>
  </datafield>
  <datafield tag="650" ind1=" " ind2="7">
    <subfield code="a">Literatura de l'exili catalana</subfield>
    <subfield code="x">Hist&#xF2;ria i cr&#xED;tica.</subfield>
    <subfield code="2">lemac</subfield>
  </datafield>
  <datafield tag="650" ind1=" " ind2="7">
    <subfield code="a">Exiliats</subfield>
    <subfield code="z">Catalunya</subfield>
    <subfield code="x">Hist&#xF2;ria</subfield>
    <subfield code="y">S. XX.</subfield>
    <subfield code="2">lemac</subfield>
  </datafield>
  <datafield tag="830" ind1=" " ind2="0">
    <subfield code="a">Biblioteca universal Emp&#xFA;ries ;</subfield>
    <subfield code="v">225</subfield>
  </datafield>
  <datafield tag="907" ind1=" " ind2=" ">
    <subfield code="a">.b41039440</subfield>
    <subfield code="b">17-06-21</subfield>
    <subfield code="c">09-12-08</subfield>
    <subfield code="d">10-02-09</subfield>
    <subfield code="e">m</subfield>
    <subfield code="f">a</subfield>
    <subfield code="g">-</subfield>
    <subfield code="h">cat</subfield>
    <subfield code="i">spc</subfield>
    <subfield code="j">0</subfield>
    <subfield code="k">2</subfield>
  </datafield>
  <datafield tag="908" ind1=" " ind2=" ">
    <subfield code="a">BMON</subfield>
    <subfield code="a">BAB</subfield>
    <subfield code="a">UB</subfield>
    <subfield code="a">CLR</subfield>
    <subfield code="a">BC</subfield>
    <subfield code="a">UPF</subfield>
    <subfield code="a">URV</subfield>
    <subfield code="a">UAB</subfield>
    <subfield code="a">CCCB</subfield>
    <subfield code="a">UdG</subfield>
    <subfield code="a">ANC</subfield>
    <subfield code="a">AHCB</subfield>
    <subfield code="a">MD</subfield>
    <subfield code="a">BPC</subfield>
    <subfield code="a">CHCC</subfield>
    <subfield code="a">FMJC</subfield>
    <subfield code="a">BPEB</subfield>
  </datafield>
  <datafield tag="940" ind1=" " ind2=" ">
    <subfield code="a">BC</subfield>
  </datafield>
  <datafield tag="942" ind1=" " ind2=" ">
    <subfield code="2">udc</subfield>
    <subfield code="c">MON</subfield>
  </datafield>
  <datafield tag="952" ind1=" " ind2=" ">
    <subfield code="0">0</subfield>
    <subfield code="1">0</subfield>
    <subfield code="4">0</subfield>
    <subfield code="7">0</subfield>
    <subfield code="a">CDMR</subfield>
    <subfield code="b">CDMR</subfield>
    <subfield code="d">2023-10-19</subfield>
    <subfield code="e">Donaci&#xF3;</subfield>
    <subfield code="g">32.90</subfield>
    <subfield code="l">0</subfield>
    <subfield code="o">Du 1/202</subfield>
    <subfield code="p">CDMR23100009</subfield>
    <subfield code="r">2023-10-19</subfield>
    <subfield code="w">2023-10-19</subfield>
    <subfield code="y">MON</subfield>
  </datafield>
</record>
